00000000cam 2200000zi 4500
0019.960167
003CaOODSP
00520260515082656
006m     o  d f      
007cr |n|||||||||
008260219e202604  oncabd  ob   f000 0 fre d
020 |a9780660985343
040 |aCaOODSP|bfre|erda|cCaOODSP
043 |an-cn-bc
0861 |aFs70-5/2026-020F-PDF
1001 |aBrown, Nicholas, |eauteur.
24510|aÉvaluation du stock de saumon chinook (Oncorhynchus Tshawytscha) d'origine naturelle de la côte ouest de l'île de Vancouver de 2024 / |cNicholas Brown, Carrie Holt, James R. Irvine, Wilf Luedke, Diana McHugh et Michael Thom.
264 1|aOttawa (Ontario) : |bSecrétariat canadien de consultation scientifique (SCCS), |cavril 2026.
264 4|c©2026
300 |a1 ressource en ligne (xix, 193 pages) : |billustrations, cartes, graphiques.
336 |atexte|btxt|2rdacontent/fre
337 |ainformatique|bc|2rdamedia/fre
338 |aressource en ligne|bcr|2rdacarrier/fre
4901 |aDocument de recherche, |x2292-4272 ; |v2026/020
500 |aPublié aussi en anglais sous le titre : West coast of Vancouver Island natural-origin chinook salmon (Oncorhynchus tshawytscha) stock assessment in 2024.
504 |aComprend des références bibliographiques.
650 6|aSaumon quinnat|zColombie-Britannique|zVancouver, Île de.
650 6|aRessources halieutiques|xÉvaluation|zColombie-Britannique|zVancouver, Île de.
7101 |aCanada. |bMinistère des pêches et des océans. |bRégion du Pacifique, |eorganisme de publication.
7102 |aSecrétariat canadien de consultation scientifique, |eorganisme de publication.
77508|tWest coast of Vancouver Island natural-origin chinook salmon (Oncorhynchus tshawytscha) stock assessment in 2024 / |w(CaOODSP)9.960166
830#0|aDocument de recherche (Secrétariat canadien de consultation scientifique)|v2026/020.|w(CaOODSP)9.503788
85640|qPDF|s13.1 Mo|uhttps://publications.gc.ca/collections/collection_2026/mpo-dfo/fs70-5/Fs70-5-2026-020-fra.pdf